| 000 | 01319cam a2200349 i 4500 | ||
|---|---|---|---|
| 001 | 2582015 | ||
| 003 | EG-ScBUE | ||
| 005 | 20240822095027.0 | ||
| 008 | 961107t1996 gw f b 000 0 eng d | ||
| 020 | _a3540620389 | ||
| 020 | _a9783540620389 | ||
| 040 |
_aDLC _beng _erda _cDLC _dDLC _dEG-ScBUE |
||
| 082 | 0 | 4 |
_a510 _222 _bTRA |
| 245 | 0 | 0 |
_aTranscendental methods in algebraic geometry : _blectures given at the 3rd session of the Centro internazionale matematico estivo (C.I.M.E.) held in Cetraro, Italy, July 4-12, 1994 / _cJ.-P. Demailly [and three others] ; editors, F. Catanese, C. Ciliberto. |
| 264 | 1 |
_aBerlin : _bSpringer, _c[1996] |
|
| 264 | 4 | _cc1996 | |
| 300 |
_a258 pages ; _c24 cm. |
||
| 336 |
_2rdacontent _atext _btxt |
||
| 337 |
_aunmediated _2rdamedia _bn |
||
| 338 |
_avolume _bnc _2rdacarrier |
||
| 490 | 0 |
_aLecture notes in mathematics ; _v1646 |
|
| 504 | _aIncludes bibliographical references. | ||
| 650 | 7 |
_aGeometry, Algebraic. _2BUEsh |
|
| 651 | _2BUEsh | ||
| 653 |
_bGGEN _cDecember2017 |
||
| 655 | _vReading book | ||
| 700 | 1 |
_aDemailly, Jean-Pierre, _eauthor. |
|
| 700 | 1 |
_aCatanese, F. _q(Fabrizio) _eeditor. |
|
| 700 | 1 |
_aCiliberto, C. _q(Ciro), _d1950- _eeditor. |
|
| 856 | 4 | 1 |
_3Table of contents only _uhttp://www.loc.gov/catdir/enhancements/fy0815/96049601-t.html |
| 942 |
_2ddc _cBB |
||
| 999 |
_c25786 _d25758 |
||